LIBRARY & INFORMATION CENTRE, KCAET, TAVANUR

ONLINE PUBLIC ACCESS CATALOGUE (OPAC)

Performance study of hydraulic ram by varying length and inclination of supply pipe (Record no. 15340)

MARC details
000 -LEADER
fixed length control field 00431nam a22001457a 4500
082 ## - DEWEY DECIMAL CLASSIFICATION NUMBER
Classification number 631.7
Item number RAT/PE
100 ## - MAIN ENTRY--AUTHOR NAME
Personal name RATHNAKUMAR, V. K
245 ## - TITLE STATEMENT
Title Performance study of hydraulic ram by varying length and inclination of supply pipe
260 ## - PUBLICATION, DISTRIBUTION, ETC. (IMPRINT)
Place of publication Tavanur
Name of publisher Kelappaji College of Agricultural Engineering and Technology
Year of publication 1991
300 ## - PHYSICAL DESCRIPTION
Number of Pages 125
500 ## - GENERAL NOTE
General note thesis
520 ## - SUMMARY, ETC.
Summary, etc thesis
650 ## - SUBJECT ADDED ENTRY--TOPICAL TERM
Topical Term thesis
942 ## - ADDED ENTRY ELEMENTS (KOHA)
Koha item type Theses
Holdings
Withdrawn status Lost status Damaged status Home library Current library Date acquired Full call number Accession Number Koha item type Public note
      KAUAET KAUAET 03/03/2018 631.7 RAT/PE 17782 Theses M.Tech Thesis
free website counter